[Event "4NCL Division 1a"]
[Site "Solihull, ENG"]
[Date "2018.01.14"]
[Round "4.11"]
[White "Sadler, Matthew D"]
[Black "Alsina Leal, Daniel"]
[Result "1-0"]
[WhiteElo "2686"]
[BlackElo "2505"]
[PlyCount "79"]
[EventDate "2018.01.14"]
[WhiteTeam "Guildford 1"]
[BlackTeam "White Rose 1"]

1. c4 e5 2. Nc3 Bb4 3. Nd5 Bc5 4. e3 c6 5. d4 cxd5 6. dxc5 Qa5+ 7. Bd2 Qxc5 8.
Qg4 g6 9. cxd5 d6 10. Qc4 Qxc4 11. Bxc4 Nd7 12. f3 f5 13. Ne2 Ngf6 14. Nc3 Nb6
15. Bb3 Bd7 16. Ke2 Ke7 17. Rhc1 Rhc8 18. a4 Nc4 19. Be1 a6 20. Bh4 Nxb2 21.
Rab1 Nc4 22. Bxc4 Rxc4 23. Bxf6+ Kxf6 24. Ne4+ Rxe4 25. fxe4 Bxa4 26. Rxb7 fxe4
27. Rcc7 h5 28. h4 Kf5 29. Rg7 Rc8 30. Kf2 Kg4 31. Rxg6+ Kxh4 32. Kg1 Rc2 33.
Rb1 Bd7 34. Kh2 Bg4 35. Rh1 Bh3 36. Kg1 Rc1+ 37. Kf2 Rc2+ 38. Ke1 Rc1+ 39. Kd2
Rxh1 40. g3# 1-0

[Event "4NCL Division 1a"]
[Site "Solihull, ENG"]
[Date "2018.01.14"]
[Round "4.12"]
[White "Adair, James R"]
[Black "Lagarde, Maxime"]
[Result "0-1"]
[WhiteElo "2480"]
[BlackElo "2586"]
[PlyCount "108"]
[EventDate "2018.01.14"]
[WhiteTeam "White Rose 1"]
[BlackTeam "Guildford 1"]

1. e4 c5 2. Nf3 Nc6 3. d4 cxd4 4. Nxd4 Qb6 5. Nb3 Nf6 6. Nc3 e6 7. a3 a6 8. Be3
Qc7 9. f4 d6 10. g4 b5 11. g5 Nd7 12. Qd2 Rb8 13. O-O-O Be7 14. h4 Nb6 15. Qf2
Na4 16. Rd3 Nc5 17. Nxc5 dxc5 18. Bxc5 Ne5 19. Ba7 Nxd3+ 20. Bxd3 Rb7 21. Bd4
O-O 22. e5 b4 23. Ne4 bxa3 24. Nf6+ Kh8 25. Qf3 axb2+ 26. Bxb2 Rxb2 27. Kxb2
Qb6+ 28. Kc1 Ba3+ 29. Kd1 gxf6 30. exf6 Rd8 31. Qe4 Rxd3+ 32. Qxd3 Bd6 33. Ke2
Qc6 34. Rd1 Bf8 35. Qd8 Kg8 36. Ke3 Qc5+ 37. Rd4 a5 38. Kd2 Bb7 39. Rd7 Be4 40.
Rc7 Qa3 41. Rc8 Bb7 42. Rb8 Qb4+ 43. c3 Qxf4+ 44. Kc2 Be4+ 45. Kb3 Bd5+ 46. Kc2
Be4+ 47. Kb3 a4+ 48. Kxa4 Bc2+ 49. Ka5 Qe5+ 50. Kb6 Qc5+ 51. Ka6 e5 52. Rb5
Qc6+ 53. Ka5 Qxc3+ 54. Kb6 Ba4 0-1

[Event "4NCL Division 1a"]
[Site "Solihull, ENG"]
[Date "2018.01.14"]
[Round "4.13"]
[White "Edouard, Romain"]
[Black "Wells, Peter K"]
[Result "1-0"]
[WhiteElo "2613"]
[BlackElo "2443"]
[PlyCount "51"]
[EventDate "2018.01.14"]
[WhiteTeam "Guildford 1"]
[BlackTeam "White Rose 1"]

1. c4 c5 2. Nf3 Nc6 3. d4 cxd4 4. Nxd4 Nf6 5. Nc3 e6 6. e4 Bb4 7. Nxc6 dxc6 8.
Qxd8+ Kxd8 9. e5 Ne4 10. a3 Bxc3+ 11. bxc3 b6 12. h4 h6 13. Rh3 Nc5 14. Be3 Nd7
15. Rg3 g6 16. h5 g5 17. f4 gxf4 18. Bxf4 Ke7 19. O-O-O Bb7 20. Rgd3 Nc5 21.
Rd6 Bc8 22. Bg3 f5 23. Bh4+ Kf7 24. Rxc6 Ba6 25. Rc7+ Kg8 26. Rd6 1-0

[Event "4NCL Division 1a"]
[Site "Solihull, ENG"]
[Date "2018.01.14"]
[Round "4.14"]
[White "McNab, Colin A"]
[Black "Le Roux, Jean-Pierre"]
[Result "1/2-1/2"]
[WhiteElo "2416"]
[BlackElo "2554"]
[PlyCount "189"]
[EventDate "2018.01.14"]
[WhiteTeam "White Rose 1"]
[BlackTeam "Guildford 1"]

1. Nf3 g6 2. c4 Bg7 3. g3 c5 4. Bg2 Nc6 5. Nc3 d6 6. d3 e6 7. Bg5 Nge7 8. Qc1
h6 9. Bd2 b6 10. O-O Bb7 11. Rb1 Rb8 12. b3 Nd4 13. Nxd4 cxd4 14. Nb5 Bxg2 15.
Kxg2 a6 16. Na3 h5 17. Nc2 h4 18. Ne1 e5 19. Nf3 Nf5 20. Qa3 O-O 21. Qxa6 hxg3
22. hxg3 d5 23. cxd5 Nd6 24. Qa3 e4 25. dxe4 Nxe4 26. d6 Ra8 27. Qb4 Rxa2 28.
Rbd1 Nxd6 29. Nxd4 Qa8+ 30. Nf3 Ne4 31. Kg1 Re8 32. Qxb6 Bc3 33. Bh6 Rxe2 34.
Rd3 Bb2 35. Nd4 Nxg3 36. Rxg3 R2e4 37. Rxg6+ Kh7 38. Rg7+ Kh8 39. Nf5 R8e6 40.
Qc7 Rxh6 41. Nxh6 Bxg7 42. Nxf7+ Kg8 43. Qd8+ Qxd8 44. Nxd8 Rb4 45. Ne6 Rxb3
46. Kg2 Kf7 47. Ng5+ Kg6 48. Ne4 Be5 49. f4 Re3 50. Ng3 Bd6 51. Kh3 Ra3 52. Kg4
Ra4 53. Nh5 Rd4 54. Ra1 Kf7 55. Ra7+ Ke6 56. Rg7 Ra4 57. Rg6+ Ke7 58. Kg5 Ra1
59. Rh6 Bxf4+ 60. Nxf4 Ra5+ 61. Kg4 Kd7 62. Nd3 Rd5 63. Rh3 Kd6 64. Kf4 Rd4+
65. Ke3 Ra4 66. Rh6+ Kd5 67. Rh5+ Kd6 68. Nc5 Ra1 69. Kd4 Kc6 70. Rh6+ Kc7 71.
Nb3 Rg1 72. Kc4 Kd7 73. Nc5+ Kc7 74. Nd3 Rd1 75. Ne5 Rc1+ 76. Kd5 Rd1+ 77. Kc5
Rc1+ 78. Nc4 Kd7 79. Ra6 Ke7 80. Kd5 Rd1+ 81. Ke4 Re1+ 82. Ne3 Kf7 83. Kd4 Ke7
84. Nd5+ Kd7 85. Nf6+ Ke7 86. Kd5 Rb1 87. Ke5 Re1+ 88. Ne4 Kd7 89. Rd6+ Ke7 90.
Rd2 Rh1 91. Ra2 Rh5+ 92. Kd4 Rh1 93. Ra7+ Ke6 94. Ra6+ Ke7 95. Ra7+ 1/2-1/2

[Event "4NCL Division 1a"]
[Site "Solihull, ENG"]
[Date "2018.01.14"]
[Round "4.15"]
[White "Fernandez, Daniel Howard"]
[Black "Palliser, Richard J D"]
[Result "1-0"]
[WhiteElo "2496"]
[BlackElo "2420"]
[PlyCount "117"]
[EventDate "2018.01.14"]
[WhiteTeam "Guildford 1"]
[BlackTeam "White Rose 1"]

1. e4 c5 2. Nf3 d6 3. d4 cxd4 4. Nxd4 Nf6 5. Nc3 a6 6. a4 g6 7. h3 Bg7 8. g4
Nc6 9. Nde2 O-O 10. Bg2 Rb8 11. O-O b5 12. axb5 axb5 13. Be3 b4 14. Nd5 Nd7 15.
Qc1 e6 16. Ndf4 Nde5 17. Nd3 b3 18. Nxe5 Nxe5 19. Bd4 Bd7 20. Rd1 Bb5 21. Nc3
Bc4 22. Ra3 g5 23. Kh1 h6 24. Nb1 Qc8 25. c3 Be2 26. Rd2 Nd3 27. Qg1 Bxd4 28.
cxd4 Qc2 29. Ra1 Rfc8 30. Rxc2 bxc2 31. Nc3 Rxc3 32. bxc3 Bd1 33. Bf1 Rb1 34.
Bxd3 Rxa1 35. Bxc2 Bf3+ 36. Kh2 Rxg1 37. Kxg1 Be2 38. Bb3 e5 39. Kg2 exd4 40.
cxd4 Kf8 41. f3 Ke7 42. Kf2 Bb5 43. Bd1 f6 44. h4 Be8 45. h5 Bf7 46. Ke3 Bc4
47. Kd2 Be6 48. Kc3 Bc8 49. Be2 Kd8 50. Kb4 Kc7 51. Ka5 Bd7 52. Bb5 Bc8 53. d5
Bb7 54. Ba6 Ba8 55. Kb5 Bb7 56. Ka5 Ba8 57. Bb5 Bb7 58. Be8 Bc8 59. Bc6 1-0

[Event "4NCL Division 1a"]
[Site "Solihull, ENG"]
[Date "2018.01.14"]
[Round "4.16"]
[White "Gourlay, Iain"]
[Black "Stefanova, Antoaneta"]
[Result "1/2-1/2"]
[WhiteElo "2371"]
[BlackElo "2489"]
[PlyCount "86"]
[EventDate "2018.01.14"]
[WhiteTeam "White Rose 1"]
[BlackTeam "Guildford 1"]

1. c4 g6 2. g3 Bg7 3. Bg2 e6 4. Nf3 d5 5. d4 Nc6 6. e3 Nge7 7. O-O O-O 8. Qc2
Nb4 9. Qb3 c5 10. Nc3 b6 11. Rd1 dxc4 12. Qxc4 Ba6 13. Qb3 Qc8 14. a3 Nbc6 15.
dxc5 bxc5 16. Ne4 Nd5 17. Qc2 Na5 18. Bd2 Nc4 19. Bc3 Nxc3 20. Nxc3 Rb8 21.
Rab1 Rd8 22. Rxd8+ Qxd8 23. Bf1 Bb7 24. Bxc4 Bxf3 25. Be2 Bc6 26. Rd1 Qa5 27.
Rd6 Qc7 28. Rd2 Qa5 29. Nd1 Be4 30. Qc1 h5 31. f3 Bd5 32. Kf2 Bb3 33. Nc3 Bxc3
34. bxc3 c4 35. Rd4 Qc5 36. f4 e5 37. fxe5 Qxe5 38. Bxc4 Bxc4 39. Rxc4 Qf5+ 40.
Rf4 Qd3 41. Rd4 Qf5+ 42. Rf4 Qd3 43. Rd4 Qf5+ 1/2-1/2

[Event "4NCL Division 1a"]
[Site "Solihull, ENG"]
[Date "2018.01.14"]
[Round "4.17"]
[White "Hebden, Mark L"]
[Black "Chow, Samuel"]
[Result "1-0"]
[WhiteElo "2429"]
[BlackElo "2317"]
[PlyCount "113"]
[EventDate "2018.01.14"]
[WhiteTeam "Guildford 1"]
[BlackTeam "White Rose 1"]

1. d4 Nf6 2. Bf4 e6 3. e3 c5 4. Nd2 Nc6 5. c3 Be7 6. h3 b6 7. Ngf3 O-O 8. Bd3
Bb7 9. O-O d6 10. Qe2 Re8 11. e4 cxd4 12. cxd4 Nd7 13. Bg3 Nb4 14. Bb5 a6 15.
Bxd7 Qxd7 16. a3 Nc6 17. Nc4 Qd8 18. e5 d5 19. Nd6 Bxd6 20. exd6 Na7 21. Rac1
Nb5 22. Qe5 f6 23. Qf4 Rc8 24. Rxc8 Bxc8 25. h4 Bd7 26. Rc1 a5 27. a4 Na7 28.
Rc7 Nc6 29. h5 h6 30. Qg4 Rf8 31. Bf4 Rf7 32. Bxh6 e5 33. Qg6 e4 34. Nh4 Qf8
35. Rxd7 Rxd7 36. Nf5 Kh8 37. Be3 Qf7 38. Qg4 Qe6 39. Kh2 Na7 40. Qg6 Qf7 41.
Qxf7 Rxf7 42. Ne7 Rf8 43. Nxd5 b5 44. d7 bxa4 45. Nb6 Kg8 46. d5 Rd8 47. Kg3
Nb5 48. Bc5 Kf7 49. Kf4 a3 50. bxa3 Nc3 51. g4 g6 52. h6 f5 53. gxf5 gxf5 54.
Kxf5 Nxd5 55. Nxd5 Rxd7 56. Ne3 a4 57. Ng4 1-0

[Event "4NCL Division 1a"]
[Site "Solihull, ENG"]
[Date "2018.01.14"]
[Round "4.18"]
[White "Sucikova, Svetlana"]
[Black "Flear, Glenn C"]
[Result "0-1"]
[WhiteElo "2106"]
[BlackElo "2434"]
[PlyCount "96"]
[EventDate "2018.01.14"]
[WhiteTeam "White Rose 1"]
[BlackTeam "Guildford 1"]

1. Nf3 d5 2. g3 Bg4 3. Bg2 Nd7 4. O-O Ngf6 5. c4 e6 6. b3 Bd6 7. Bb2 O-O 8. Nc3
c6 9. Rc1 Qe7 10. d4 Rad8 11. Nh4 dxc4 12. bxc4 e5 13. h3 exd4 14. Qxd4 Be6 15.
Rfd1 Nc5 16. Qe3 Rfe8 17. Ba3 Na6 18. Bxd6 Rxd6 19. Qxa7 Rxd1+ 20. Rxd1 Qb4 21.
Qd4 Nc5 22. Rb1 Qxc4 23. Qxc4 Bxc4 24. Nf5 Rd8 25. Ne3 Be6 26. Kf1 Kf8 27. Ke1
Ke7 28. Rb4 Ra8 29. Rb2 Ra3 30. Kd2 Kd7 31. Nc2 Rxc3 32. Rxb7+ Nxb7 33. Kxc3
Bxa2 34. Bxc6+ Kxc6 35. Nb4+ Kc5 36. Nxa2 Ne4+ 37. Kd3 Nxf2+ 38. Ke3 Nxh3 39.
Nc1 Nd6 40. Nd3+ Kd5 41. Kf3 Ng5+ 42. Kg4 Ne6 43. Kf3 h5 44. Nb4+ Ke5 45. Nc6+
Kf5 46. Ne7+ Kf6 47. Nd5+ Ke5 48. Ne3 Nd4+ 0-1

[Event "4NCL Division 1a"]
[Site "Solihull, ENG"]
[Date "2018.01.14"]
[Round "4.21"]
[White "Ghasi, Ameet K"]
[Black "Gordon, Stephen J"]
[Result "1/2-1/2"]
[WhiteElo "2475"]
[BlackElo "2535"]
[PlyCount "153"]
[EventDate "2018.01.14"]
[WhiteTeam "Grantham Sharks 1"]
[BlackTeam "3Cs 1"]

1. c4 b6 2. Nc3 Bb7 3. e4 e6 4. Nge2 Nf6 5. d3 c5 6. g3 Be7 7. Bg2 O-O 8. O-O
Nc6 9. f4 a6 10. h3 b5 11. g4 b4 12. Nb1 d5 13. e5 Ne8 14. Be3 f6 15. exf6 Nxf6
16. Ng3 Bd6 17. g5 d4 18. Bc1 Ne8 19. Qg4 Qc8 20. Nd2 Ra7 21. Nde4 Ne7 22. Bd2
Nf5 23. Rae1 Qd7 24. h4 Bc8 25. h5 Be7 26. Rf2 Rc7 27. Qd1 a5 28. Nf1 Ned6 29.
Bh3 Qc6 30. Neg3 a4 31. Bg2 Qa6 32. Re5 a3 33. b3 Kh8 34. Qe1 Qa7 35. Rxe6 Bxe6
36. Qxe6 Bd8 37. h6 Re7 38. hxg7+ Rxg7 39. Qe5 Re8 40. Qd5 Rf7 41. Bh3 Ref8 42.
Re2 Bc7 43. Nh5 Bb8 44. Re5 Ng7 45. Nfg3 Nc8 46. Nxg7 Bxe5 47. Ne6 Bb8 48. Nxc5
Qe7 49. Qxd4+ Kg8 50. Be6 Ba7 51. Bxf7+ Rxf7 52. Nge4 h6 53. Bxb4 hxg5 54. fxg5
Rf5 55. Kg2 Kh7 56. Qd7 Qxd7 57. Nxd7 Be3 58. Kg3 Bc1 59. Kg4 Rf1 60. d4 Bb2
61. Nef6+ Kg7 62. d5 Ra1 63. Kf5 Rf1+ 64. Ke6 Ra1 65. d6 Rxa2 66. Ne8+ Kh8 67.
Ne5 Nxd6 68. Bxd6 Ra1 69. Kf7 Rf1+ 70. Nf6 Rxf6+ 71. Kxf6 a2 72. Kg6 a1=Q 73.
Nf7+ Kg8 74. Nh6+ Kh8 75. Nf7+ Kg8 76. Nh6+ Kh8 77. Nf7+ 1/2-1/2

[Event "4NCL Division 1a"]
[Site "Solihull, ENG"]
[Date "2018.01.14"]
[Round "4.22"]
[White "Horton, Andrew P"]
[Black "Roberson, Peter T"]
[Result "1/2-1/2"]
[WhiteElo "2397"]
[BlackElo "2412"]
[PlyCount "119"]
[EventDate "2018.01.14"]
[WhiteTeam "3Cs 1"]
[BlackTeam "Grantham Sharks 1"]

1. Nf3 c5 2. c4 Nc6 3. g3 g6 4. Bg2 Bg7 5. Nc3 e6 6. d4 cxd4 7. Nb5 d5 8. cxd5
Qa5+ 9. Nd2 exd5 10. Nd6+ Kf8 11. Nxc8 Rxc8 12. O-O Nf6 13. a3 Qb6 14. b4 h5
15. Bb2 h4 16. Rc1 Re8 17. Rc5 hxg3 18. hxg3 Ne4 19. Nxe4 dxe4 20. Qc2 f5 21.
Rd1 Re5 22. Bxd4 Nxd4 23. Rxd4 Rxc5 24. bxc5 Qa5 25. Rd1 Be5 26. Bxe4 fxe4 27.
Qxe4 Qxc5 28. Rd8+ Kg7 29. Qxb7+ Kh6 30. Qh1+ Kg5 31. Rxh8 Bxh8 32. Qxh8 Qxa3
33. f4+ Kg4 34. Qh4+ Kf5 35. Qg5+ Ke6 36. Qxg6+ Ke7 37. Qe4+ Kf8 38. Kg2 a5 39.
Qf5+ Kg7 40. Qe5+ Kf8 41. g4 a4 42. g5 Qe7 43. Qh8+ Kf7 44. Kf3 a3 45. Qh7+ Kf8
46. Qf5+ Kg7 47. Qd5 Qf7 48. Qd4+ Kg8 49. Qd8+ Kg7 50. Qd4+ Kg8 51. Kg3 a2 52.
e3 Qe6 53. Qd8+ Kg7 54. Qc7+ Kg6 55. Qc2+ Kg7 56. Qc3+ Kf7 57. Qc7+ Kg6 58.
Qc2+ Kg7 59. Qc3+ Kf7 60. Qc7+ 1/2-1/2

[Event "4NCL Division 1a"]
[Site "Solihull, ENG"]
[Date "2018.01.14"]
[Round "4.23"]
[White "Batchelor, Peter J"]
[Black "Ashton, Adam G"]
[Result "1/2-1/2"]
[WhiteElo "2322"]
[BlackElo "2390"]
[PlyCount "92"]
[EventDate "2018.01.14"]
[WhiteTeam "Grantham Sharks 1"]
[BlackTeam "3Cs 1"]

1. d4 d5 2. c4 e6 3. Nc3 Nf6 4. cxd5 exd5 5. Bg5 Be7 6. e3 c6 7. Bd3 Nbd7 8.
Qc2 h6 9. Bf4 Nh5 10. Bg3 Nxg3 11. hxg3 Nb6 12. Nf3 Be6 13. O-O O-O 14. Ne2 Bd6
15. Nf4 Bd7 16. Bh7+ Kh8 17. Bf5 Re8 18. Rfc1 a5 19. a4 Bxf5 20. Qxf5 Qe7 21.
Qh3 Kg8 22. g4 Bxf4 23. exf4 Qe4 24. f5 Qf4 25. Rc3 Re4 26. Rb3 Ra6 27. Ne5
Rxd4 28. Nd3 Qd6 29. f6 Qxf6 30. Nc5 Nc4 31. Nxa6 bxa6 32. g5 Qxg5 33. Qc8+ Kh7
34. Qxc6 Rg4 35. g3 Rd4 36. Qe8 Qf5 37. Rb8 Rd2 38. Rf1 Ne5 39. Qg8+ Kg6 40.
Rb6+ f6 41. Rb7 Nf3+ 42. Kg2 Nh4+ 43. gxh4 Qg4+ 44. Kh2 Qxh4+ 45. Kg2 Qg4+ 46.
Kh2 Qh4+ 1/2-1/2

[Event "4NCL Division 1a"]
[Site "Solihull, ENG"]
[Date "2018.01.14"]
[Round "4.24"]
[White "Longson, Alexander"]
[Black "Daskalov, Dimitar"]
[Result "0-1"]
[WhiteElo "2317"]
[BlackElo "2309"]
[PlyCount "84"]
[EventDate "2018.01.14"]
[WhiteTeam "3Cs 1"]
[BlackTeam "Grantham Sharks 1"]

1. e4 e5 2. Nf3 Nf6 3. Nxe5 d6 4. Nf3 Nxe4 5. c4 Nc6 6. d4 d5 7. Nc3 Bb4 8. Qc2
Qe7 9. Be3 Bf5 10. Qc1 Nxc3 11. bxc3 Ba3 12. Qd1 Bb2 13. Rc1 Bxc1 14. Qxc1 Be6
15. Qb1 O-O 16. Ng5 g6 17. Be2 dxc4 18. Qe4 Bf5 19. Qh4 f6 20. Bxc4+ Kh8 21.
Nf3 Qe4 22. O-O Qxh4 23. Nxh4 Be4 24. Be2 g5 25. Nf3 Rad8 26. Nd2 Bg6 27. Nb3
b6 28. f4 Rde8 29. Kf2 Ne7 30. c4 Nf5 31. Bc1 Nd6 32. Nd2 Ne4+ 33. Nxe4 Rxe4
34. Bf3 Rxd4 35. fxg5 Rxc4 36. Kg3 Be4 37. Bb2 Bxf3 38. Rxf3 Kg8 39. gxf6 Rc2
40. Be5 Kf7 41. Kh3 Re8 42. Bc3 Rce2 0-1

[Event "4NCL Division 1a"]
[Site "Solihull, ENG"]
[Date "2018.01.14"]
[Round "4.25"]
[White "Rendle, Thomas E"]
[Black "Sandu, Mihaela"]
[Result "1/2-1/2"]
[WhiteElo "2362"]
[BlackElo "2296"]
[PlyCount "199"]
[EventDate "2018.01.14"]
[WhiteTeam "Grantham Sharks 1"]
[BlackTeam "3Cs 1"]

1. e4 c5 2. Nf3 e6 3. g3 Nc6 4. Bg2 Nf6 5. Qe2 e5 6. O-O Be7 7. Na3 O-O 8. d3
h6 9. Nc4 d6 10. a4 Be6 11. c3 Re8 12. Ne3 d5 13. Nh4 d4 14. Nef5 c4 15. dxc4
Na5 16. Rd1 Bxc4 17. Qf3 Nb3 18. cxd4 exd4 19. Rb1 Bf8 20. Ne3 dxe3 21. Rxd8
exf2+ 22. Kxf2 Raxd8 23. Be3 Nxe4+ 24. Qxe4 Rxe4 25. Bxe4 Nd2 26. Bxd2 Rxd2+
27. Kf3 b6 28. Rc1 Be2+ 29. Ke3 Rxb2 30. Rc8 Ba6 31. Rd8 g6 32. Bxg6 fxg6 33.
Nxg6 Re2+ 34. Kf3 Kf7 35. Nxf8 Ra2 36. h4 Rxa4 37. h5 Bb7+ 38. Ke3 Re4+ 39. Kf2
Re8 40. Rd7+ Re7 41. Rd8 Be4 42. Nd7 Bc6 43. Nf8 Be4 44. Nd7 Kg7 45. g4 Bc6 46.
Nb8 Bb5 47. Rd5 a6 48. Rd6 Rf7+ 49. Ke3 Rf6 50. Rd5 Kf7 51. Nd7 Re6+ 52. Ne5+
Ke7 53. Kf4 Rf6+ 54. Ke4 Be8 55. Rd1 a5 56. Nc4 Bc6+ 57. Ke5 Re6+ 58. Kf5 Be4+
59. Kf4 Bc2 60. Rd4 Kf6 61. Ne3 Bb1 62. Rd7 Rc6 63. Ra7 Rd6 64. Kf3 Rd4 65. Kf2
Be4 66. Ra6 Rb4 67. Nd1 Bd3 68. Ra8 Rxg4 69. Nc3 Kg5 70. Nd5 Kh4 71. Nxb6 Rg5
72. Ke3 Bf1 73. Rf8 Bg2 74. Rf2 Kxh5 75. Ra2 Kg6 76. Ra1 Bc6 77. Rc1 Be8 78.
Rc8 Bf7 79. Rc6+ Kg7 80. Rc7 h5 81. Nc4 Rg3+ 82. Kd2 Rg5 83. Ke3 Kf8 84. Nd6
Be6 85. Ne4 Re5 86. Kd4 Rd5+ 87. Ke3 Rf5 88. Rh7 Rb5 89. Kf4 a4 90. Ra7 Rf5+
91. Ke3 Bb3 92. Ng3 Rg5 93. Ne4 Rg7 94. Ra8+ Kf7 95. Ra7+ Kg6 96. Ra6+ Kf5 97.
Ra5+ Kg6 98. Ra6+ Kf5 99. Ra5+ Kg6 100. Ra6+ 1/2-1/2

[Event "4NCL Division 1a"]
[Site "Solihull, ENG"]
[Date "2018.01.14"]
[Round "4.26"]
[White "Walton, Alan J"]
[Black "Bremner, Adam"]
[Result "1/2-1/2"]
[WhiteElo "2194"]
[BlackElo "2207"]
[PlyCount "78"]
[EventDate "2018.01.14"]
[WhiteTeam "3Cs 1"]
[BlackTeam "Grantham Sharks 1"]

1. d4 Nf6 2. Bg5 e6 3. e3 Be7 4. Bd3 d5 5. Nd2 Nbd7 6. Ngf3 c5 7. c3 O-O 8. Qb1
cxd4 9. exd4 Re8 10. O-O Nf8 11. Ne5 N6d7 12. Bxe7 Qxe7 13. Ndf3 Ng6 14. Re1
Ndxe5 15. Nxe5 Nf8 16. Re3 g6 17. Qc2 Nd7 18. Rae1 Nxe5 19. Rxe5 Bd7 20. Qe2
Qd6 21. Qf3 Kg7 22. h4 f5 23. h5 Rf8 24. Qf4 b5 25. R1e3 Rf6 26. Qh4 gxh5 27.
Qxh5 Rg8 28. Rh3 h6 29. Rg3+ Kh7 30. Rxg8 Kxg8 31. Qh4 Qf8 32. Re3 Rg6 33. Qf4
Qg7 34. Qb8+ Kh7 35. Bf1 a6 36. Qd6 Bc8 37. Qb8 Qb7 38. Qe5 Qg7 39. Qb8 Qb7
1/2-1/2

[Event "4NCL Division 1a"]
[Site "Solihull, ENG"]
[Date "2018.01.14"]
[Round "4.27"]
[White "Head, Louise"]
[Black "Horton, Jamie A"]
[Result "1/2-1/2"]
[WhiteElo "2119"]
[BlackElo "2173"]
[PlyCount "42"]
[EventDate "2018.01.14"]
[WhiteTeam "Grantham Sharks 1"]
[BlackTeam "3Cs 1"]

1. d4 d5 2. c4 e6 3. Nc3 Nf6 4. cxd5 exd5 5. Bg5 Be7 6. Qc2 c6 7. e3 Nbd7 8.
Nf3 Nh5 9. Bxe7 Qxe7 10. Rc1 O-O 11. Bd3 g6 12. O-O Nb6 13. Na4 Ng7 14. Nxb6
axb6 15. Qb3 b5 16. Rfe1 Be6 17. Ne5 Rfd8 18. Bf1 Nf5 19. Nd3 Nd6 20. Nc5 Ne4
21. a3 Nxc5 1/2-1/2

[Event "4NCL Division 1a"]
[Site "Solihull, ENG"]
[Date "2018.01.14"]
[Round "4.28"]
[White "Bentley, John L"]
[Black "Tavares, Shawn P"]
[Result "1-0"]
[WhiteElo "2126"]
[BlackElo "2161"]
[PlyCount "59"]
[EventDate "2018.01.14"]
[WhiteTeam "3Cs 1"]
[BlackTeam "Grantham Sharks 1"]

1. d4 Nf6 2. c4 c5 3. d5 b5 4. cxb5 a6 5. bxa6 g6 6. Nc3 Bg7 7. e4 O-O 8. Nf3
Qa5 9. Nd2 Bxa6 10. Be2 Ne8 11. O-O Bxc3 12. bxc3 Qxc3 13. Rb1 Bxe2 14. Qxe2
Nd6 15. Bb2 Qa5 16. e5 Nf5 17. Ne4 d6 18. exd6 Nxd6 19. Nxd6 exd6 20. Qg4 Qd8
21. Qf4 Nd7 22. Qxd6 Rxa2 23. Bc3 Rc2 24. Ba1 Qc8 25. Rfe1 Re8 26. h4 h5 27.
Rxe8+ Qxe8 28. Qxd7 Qa8 29. Qc6 Qd8 30. Qf6 1-0

[Event "4NCL Division 1a"]
[Site "Solihull, ENG"]
[Date "2018.01.14"]
[Round "4.31"]
[White "Pigott, John C"]
[Black "Griffiths, Ryan Rhys"]
[Result "0-1"]
[WhiteElo "2402"]
[BlackElo "2366"]
[PlyCount "46"]
[EventDate "2018.01.14"]
[WhiteTeam "The ADs"]
[BlackTeam "Barbican 4NCL 2"]

1. c4 c5 2. Nf3 Nc6 3. Nc3 e5 4. e3 Nf6 5. Be2 d5 6. cxd5 Nxd5 7. O-O Be6 8.
Bb5 Nxc3 9. dxc3 f6 10. Qa4 Qc7 11. e4 Be7 12. Nh4 g6 13. Bh6 Bd7 14. Qb3 O-O-O
15. Rfd1 a6 16. Be2 Kb8 17. g3 Rhg8 18. Qf7 Qc8 19. Bc4 g5 20. Ng2 f5 21. Ne3
fxe4 22. Nd5 Be6 23. Nb6 Bxf7 0-1

[Event "4NCL Division 1a"]
[Site "Solihull, ENG"]
[Date "2018.01.14"]
[Round "4.32"]
[White "Sowray, Peter J"]
[Black "Swindells, Jonathan E"]
[Result "1-0"]
[WhiteElo "2362"]
[BlackElo "2305"]
[PlyCount "101"]
[EventDate "2018.01.14"]
[WhiteTeam "Barbican 4NCL 2"]
[BlackTeam "The ADs"]

1. d4 Nf6 2. c4 g6 3. Nc3 Bg7 4. e4 d6 5. f3 O-O 6. Be3 c5 7. Nge2 Qa5 8. Nc1
cxd4 9. Nb3 Qh5 10. Nxd4 Nc6 11. Qd2 a6 12. Be2 Nxd4 13. Bxd4 Be6 14. O-O Rfc8
15. b3 Qa5 16. Rfd1 Nd7 17. Bxg7 Kxg7 18. Rac1 f6 19. Qe3 Qc5 20. Kf2 Rc7 21.
f4 Rac8 22. Nd5 Bxd5 23. Rxd5 Qxe3+ 24. Kxe3 b5 25. Rd4 h5 26. Rcd1 b4 27. g3
Rc5 28. Bf1 g5 29. Be2 Nf8 30. Rd5 Kh6 31. Bf1 Ng6 32. Bh3 Rxd5 33. exd5 g4 34.
Bf1 f5 35. Bd3 e6 36. dxe6 Ne7 37. Bf1 Rc6 38. Bg2 Rb6 39. Kd4 Kg7 40. Bd5 Kf6
41. Ra1 Nc6+ 42. Bxc6 Rxc6 43. Kd5 Rb6 44. h3 Rb8 45. hxg4 fxg4 46. Rh1 Rh8 47.
Kxd6 h4 48. Rxh4 Rxh4 49. gxh4 g3 50. e7 g2 51. e8=Q 1-0

[Event "4NCL Division 1a"]
[Site "Solihull, ENG"]
[Date "2018.01.14"]
[Round "4.33"]
[White "Richardson, John R"]
[Black "Morrison, Graham"]
[Result "1/2-1/2"]
[WhiteElo "2237"]
[BlackElo "2308"]
[PlyCount "66"]
[EventDate "2018.01.14"]
[WhiteTeam "The ADs"]
[BlackTeam "Barbican 4NCL 2"]

1. d4 Nf6 2. c4 e6 3. g3 Bb4+ 4. Bd2 Bxd2+ 5. Qxd2 d5 6. Bg2 c6 7. Nf3 Nbd7 8.
O-O O-O 9. Ne5 Nxe5 10. dxe5 Nd7 11. f4 Nb6 12. Na3 Qe7 13. Rfd1 f6 14. exf6
Qxf6 15. Qd4 Qxd4+ 16. Rxd4 e5 17. fxe5 Nxc4 18. Nxc4 dxc4 19. Rxc4 Be6 20. Rb4
Rf7 21. Rd1 Re8 22. Be4 Rfe7 23. Bc2 Bd5 24. Bb3 Bxb3 25. Rxb3 Rc7 26. Re3 Rce7
27. Kf2 Rxe5 28. Rxe5 Rxe5 29. Rd7 Rf5+ 30. Ke3 Rf7 31. Rd8+ Rf8 32. Rd7 Rf7
33. Rd8+ Rf8 1/2-1/2

[Event "4NCL Division 1a"]
[Site "Solihull, ENG"]
[Date "2018.01.14"]
[Round "4.34"]
[White "Cox, John J"]
[Black "Wheeler, Darren P"]
[Result "1-0"]
[WhiteElo "2311"]
[BlackElo "2267"]
[PlyCount "87"]
[EventDate "2018.01.14"]
[WhiteTeam "Barbican 4NCL 2"]
[BlackTeam "The ADs"]

1. c4 e6 2. Nf3 d5 3. b3 c5 4. g3 Nc6 5. Bg2 Nf6 6. O-O Be7 7. e3 O-O 8. Bb2
Ne4 9. cxd5 exd5 10. d3 Bf6 11. Qc1 Bxb2 12. Qxb2 Qf6 13. Qxf6 Nxf6 14. Rc1 Bf5
15. Rxc5 Bxd3 16. Nc3 Rad8 17. Rd1 Bc2 18. Rc1 Be4 19. Nb5 Rd7 20. Nbd4 Nxd4
21. exd4 Rd6 22. Ra5 a6 23. Rc7 Rb6 24. Ne5 Bxg2 25. Kxg2 Rb4 26. Ra4 Rxa4 27.
bxa4 Ne4 28. Rxb7 Nc3 29. a5 Re8 30. Rxf7 Rxe5 31. Rc7 Re4 32. Rxc3 Rxd4 33.
Rc6 Ra4 34. Rxa6 Rxa2 35. Ra8+ Kf7 36. a6 d4 37. a7 d3 38. Kf3 d2 39. Ke2 Kg6
40. f4 Kh5 41. h3 h6 42. Kd1 Kg6 43. g4 Kh7 44. f5 1-0

[Event "4NCL Division 1a"]
[Site "Solihull, ENG"]
[Date "2018.01.14"]
[Round "4.35"]
[White "Stewart, Ashley"]
[Black "Rogers, Jonathan W"]
[Result "1-0"]
[WhiteElo "2260"]
[BlackElo "2331"]
[PlyCount "111"]
[EventDate "2018.01.14"]
[WhiteTeam "The ADs"]
[BlackTeam "Barbican 4NCL 2"]

1. c4 f5 2. g3 Nf6 3. Bg2 g6 4. Nc3 Bg7 5. e3 O-O 6. Nge2 e5 7. O-O d6 8. d3
Kh8 9. Qd2 Nc6 10. b3 e4 11. Bb2 Ne5 12. dxe4 fxe4 13. Nxe4 Nxe4 14. Bxe4 Bh3
15. Bg2 Nf3+ 16. Bxf3 Rxf3 17. Nf4 Rxf4 18. exf4 Bxf1 19. Rxf1 Qd7 20. Bxg7+
Qxg7 21. Re1 Rf8 22. Qe3 a6 23. Qe7 h6 24. Qxg7+ Kxg7 25. Re7+ Rf7 26. Re8 Rd7
27. Kg2 Kf7 28. Rh8 Kg7 29. Re8 Kf6 30. Kf3 d5 31. cxd5 Rxd5 32. g4 Rd2 33. a4
Rb2 34. Re3 b5 35. axb5 axb5 36. Rc3 c5 37. h4 Ke6 38. Rxc5 Rxb3+ 39. Kg2 Rb4
40. Kg3 Rb3+ 41. f3 h5 42. gxh5 gxh5 43. Rxh5 Rb1 44. Rc5 Rg1+ 45. Kh2 Rb1 46.
f5+ Kf6 47. Kg3 Rb4 48. Rd5 Rb1 49. Kg4 Rb4+ 50. f4 Rb1 51. Rd6+ Kg7 52. f6+
Kf7 53. Kf5 b4 54. Rd7+ Kf8 55. h5 Rh1 56. Rb7 1-0

[Event "4NCL Division 1a"]
[Site "Solihull, ENG"]
[Date "2018.01.14"]
[Round "4.36"]
[White "Klingher, Dominic"]
[Black "Stockwell, Mark B"]
[Result "1-0"]
[WhiteElo "2200"]
[BlackElo "2072"]
[PlyCount "57"]
[EventDate "2018.01.14"]
[WhiteTeam "Barbican 4NCL 2"]
[BlackTeam "The ADs"]

1. e4 e5 2. Nf3 Nc6 3. Bb5 a6 4. Bxc6 dxc6 5. d3 Bd6 6. Nbd2 Qf6 7. b3 Ne7 8.
Bb2 c5 9. h3 Bd7 10. Nc4 Ng6 11. Qd2 O-O-O 12. O-O-O Rhe8 13. Qg5 Qe6 14. g3 f6
15. Qd2 Bf8 16. Ng1 Bc6 17. Qe3 f5 18. Nf3 fxe4 19. dxe4 Rd4 20. Nxd4 exd4 21.
Qe2 Bxe4 22. f3 Bd5 23. Qxe6+ Rxe6 24. Rhe1 Rxe1 25. Rxe1 Bxf3 26. c3 d3 27.
Re8+ Kd7 28. Rxf8 d2+ 29. Kxd2 1-0